Statistics for NFL Teams

Click here to take the quiz!

General Stats

  • This quiz has been taken 29 times
  • The average score is 30 of 32

Answer Stats

ConferenceCity/State/RegionTeam% Correct
AFC (West)DenverBroncos
100%
AFC (South)JacksonvilleJaguars
100%
NFC (West)San Francisco49ers
95%
NFC (North)ChicagoBears
95%
AFC (North)ClevelandBrowns
95%
NFC (West)ArizonaCardinals
95%
AFC (West)Los AnglesChargers
95%
AFC (South)IndianapolisColts
95%
NFC (East)DallasCowboys
95%
AFC (East)MiamiDolphins
95%
NFC (East)PhiladelphiaEagles
95%
NFC (East)New YorkGiants
95%
NFC (North)DetroitLions
95%
NFC (North)Green BayPackers
95%
NFC (South)CarolinaPanthers
95%
AFC (East)New EnglandPatriots
95%
AFC (West)Las VegasRaiders
95%
NFC (East)WashingtonRedskins
95%
NFC (West)SeattleSeahawks
95%
AFC (North)PittsburghSteelers
95%
AFC (South)HoustonTexans
95%
AFC (North)CincinnatiBengals
91%
AFC (East)BuffaloBills
91%
NFC (South)Tampa BayBuccaneers
91%
AFC (West)Kansas CityChiefs
91%
NFC (South)AtlantaFalcons
91%
AFC (East)New YorkJets
91%
NFC (West)Los AngelesRams
91%
AFC (North)BaltimoreRavens
91%
NFC (South)New OrleansSaints
91%
AFC (South)TennesseeTitans
91%
NFC (North)MinnesotaVikings
91%

Score Distribution

Percentile by Number Answered

Percent of People with Each Score

Your Score History

You have not taken this quiz